Solené láskou

Podrobná bibliografia
Hlavný autor: Hollý, Milan, 1937- (Autor)
Ďalší autori: Kubal, Viktor, 1923-1997 (Ilustrátor), Valček, Peter, 1955-2019 (Zostavovateľ, kompilátor), Kubalová, Anna (Ilustrátor)
Médium: Kniha
Jazyk:slovenčina
Fyzický popis:[90] strán ilustrácie 22 cm
Vydavateľské údaje: Bratislava Iris 1999
ISBN:8088778921
Predmet:

MARC

LEADER 00000cam a2200000 a 4500
001 vtls001386744
003 SK-MaSNL
005 20260331204030.0
008 240801s1999 xo a gr 000 hdslo
015 |a SNBA2000/06-01977 
020 |a 8088778921 
035 |a SNK000340915 
035 |a urn:nbn:sk:snk-amkkxy 
035 |a urn:nbn:sk:snk-am008i6k 
035 |a B281945C-3101-4ACA-8873-64457469ED4D 
040 |a SNK  |b slo  |c SNK  |e AACR2 
041 0 |a slo 
044 |a xo  |c SK 
072 7 |a 17  |x Etika. Morálna filozofia  |2 konspekt 
080 |a 885.4-84\  |2 1981 
080 |a 17.02  |2 2011 
080 |a (0:82-84)  |2 2011 
080 |a 741.5  |2 2011 
100 1 |a Kubal, Viktor,  |d 1923-1997  |4 ill  |9 111639 
245 1 0 |a Solené láskou  |c Kubal+Hollý ; zostavil a úvodnú esej napísal Peter Valček 
260 |a Bratislava  |b Iris  |c 1999 
300 |a [90] strán  |b ilustrácie  |c 22 cm 
500 |a Ilustrácia na titulnej strane a frontispice 
500 |a Obsahuje biografické údaje o autoroch 
650 0 7 |a životná múdrosť  |2 SNKPH  |9 4008 
650 0 7 |a kreslený humor  |2 SNKPH  |9 1766 
655 7 |a aforizmy  |2 SNKPH  |9 1250 
700 1 |a Hollý, Milan,  |d 1937-  |4 aut  |9 24911 
700 1 |a Valček, Peter,  |d 1955-2019  |4 com  |9 99351 
700 1 |a Kubalová, Anna  |4 ill  |9 518078 
852 |a Slovenská národná knižnica 
919 |a 80-88778-92-1 
954 |a beletria pôvodná (slovenská)  |2 lita 
958 |a LX 
999 |c 1152945  |d 1154875 
952 |t P60, <03>, [BOOK], {603}  |a SNK  |b SNK  |y PREZ  |7 0  |p 17A0234818  |o snkSC 101298  |i snkKSP 3778/2000  |0 0  |1 0  |4 0  |d 2000-04-11  |f 1  |l 0  |r 2025-09-23 00:00:00  |w 2026-02-24 
952 |t P60, <04>, [BOOK], {604}  |a SNK  |b SNK  |y VYP  |7 0  |p 17A0234819  |o snkSC 101298 D1  |i snkKSP 3779/2000  |0 0  |1 0  |4 0  |d 2000-04-11  |l 0  |r 2005-01-02 00:00:00  |w 2026-02-24